Federalized party systems and subnational party competition (Registro nro. 182994)
[ vista simple ]
| 000 -CABECERA | |
|---|---|
| campo de control de longitud fija | 00706naa a2200205 4500 |
| 001 - NÚMERO DE CONTROL | |
| campo de control | 182994 |
| 003 - IDENTIFICADOR DEL NÚMERO DE CONTROL | |
| campo de control | ES-MaBCM |
| 005 - FECHA Y HORA DE LA ÚLTIMA TRANSACCIÓN | |
| campo de control | 20241016192824.0 |
| 008 - CÓDIGOS DE INFORMACIÓN DE LONGITUD FIJA | |
| campo de control de longitud fija | 110223s2010 usa|r0p 0 ||eng d |
| 021 ## - | |
| -- | xx |
| 035 ## - NÚMERO DE CONTROL DEL SISTEMA | |
| Número de control de sistema | (OCoLC)1365139775 |
| 040 ## - FUENTE DE LA CATALOGACIÓN | |
| Centro transcriptor | ES-MaBCM |
| 100 1# - PUNTO DE ACCESO PRINCIPAL - NOMBRE DE PERSONA | |
| Nombre de persona | Gibson, Edward L. |
| 9 (RLIN) | 92214 |
| 245 00 - MENCIÓN DE TÍTULO | |
| Título | Federalized party systems and subnational party competition |
| Resto del título | : theory and an empirical application to Argentina |
| Mención de responsabilidad etc. | Edward L. Gibson and Julieta Suarez-Cao |
| 650 27 - PUNTO DE ACCESO ADICIONAL DE MATERIA--TÉRMINO DE MATERIA | |
| Término de materia o nombre geográfico como elemento inicial | Sistema de partidos |
| 9 (RLIN) | 60271 |
| 651 24 - PUNTO DE ACCESO ADICIONAL DE MATERIA--NOMBRE GEOGRÁFICO | |
| Nombre geográfico | Argentina |
| 9 (RLIN) | 115351 |
| 700 1# - PUNTO DE ACCESO ADICIONAL--NOMBRE DE PERSONA | |
| Nombre de persona | Suárez-Cao, Julieta |
| 9 (RLIN) | 92215 |
| 773 0# - ENLACE AL DOCUMENTO FUENTE | |
| Encabezamiento principal | En: |
| Título | Comparative politics |
| Lugar editor y fecha de publicación | New York |
| Parte(s) relacionada(s) | Vol.43, n.1 (Oct. 2010), p. 21-39 |
| Número de control del registro relacionado | 104360 |
| 942 ## - ELEMENTOS DE PUNTO DE ACCESO ADICIONAL (KOHA) | |
| Tipo de ítem Koha | Artículos de revistas |
| Estado de retiro | Estado de pérdida | Estado dañado | No para préstamo | Localización permanente | Ubicación/localización actual | Fecha de adquisición | Precio válido a partir de | Tipo de ítem Koha |
|---|---|---|---|---|---|---|---|---|
| Biblioteca Central del Ministerio de la Presidencia | Biblioteca Central del Ministerio de la Presidencia | 21/04/2012 | 21/04/2012 | Artículos de revistas |
